000 00692nam a2200241Ia 4500
003 OSt
005 20221005040013.0
006 a|||||r|||| 00| 0
007 ta
008 221004b |||||||| |||| 00| 0 ara d
024 _a13254
037 _cTextual
040 _aCRL
_cCRL
_bara
041 _2ara
_aara
082 _aO28,6E54,1:g, F9
100 _aNomani Nabi Ahmed khan shaad Ed.
_9588838
245 0 _aAnmozij benaziri sharah maqamat Hariri
260 _aDelhi
_bMataba barqi press India
_c1929
300 _a104p.
_ccm.
650 _aARABIC PROSE
942 _hO28,6E54,1:g, F9
_cTEXL
_2cc
999 _c946201
_d946201